000 00397nam a2200157Ia 4500
008 100122s9999 xx 000 0 und d
082 _b63966
_a823
100 _aGARDNER E S
245 _aTHE CASE OF THE VELVET CLAWS
250 _a0
260 _bBALLANINE BOOKS
_c1985
300 _a215
630 _aTHE CASE OF THE VELVET CLAWS
730 _aTHE CASE OF THE VELVET CLAWS
942 _cBOOK
999 _c379334
_d379331